Statistiques concernant BASIC Nav

Cliquez ici pour prendre le quiz!

Statistiques générales

  • Ce quiz a été pris 35 fois
    (32 depuis la dernière actualisation)
  • Le résultat moyen est 9 sur 20

Statistiques - réponses

QuestionRéponse% Correct
Le changement de longitude entre le point A (04 ° 14 '28 "E) et le point B (02 ° 30' 30" E) sur la terre est01 ° 43 '58 ".
100%
On a: TAS 487kt, FL330, Température : ISA + 15. Calculer le MACH?0.81
100%
Le log de nav fournit les données suivantes: "Trajectoire vraie, dérive, cap vrai, variation magnétique, cap magnétique, déviation de boussole, cap de boussole". La bonne solution, dans l‘ ordre, est :119°, 3°L, 122°, 2°E, 120°, +4°, 116°
100%
Le diamètre de la Terre est approximativement de:12 700 Km
100%
100 kg égalent combien de livres?220 lbs
100%
Combien de pieds (ft) sont équivalents à 9,5 km?31.160 ft
100%
730 pieds / min sont équivalents à :3,7 m/s
100%
L'émetteur d'azimut du MLS fournit une zone d'approche horizontale en forme d'éventail qui est généralement à [...] de l'axe de piste 40°
100%
Les relèvements ADF de jour ont une erreur maximale de:
100%
L’inclinaison des orbites NAVSTAR / GPS par rapport au plan équatorial est55°
100%
Dans une procédure d'approche aux instruments, où débute le segment d'approche initiale ?A l'IAF
100%
Quel type d'horloge est utilisé sur les satellites GPS NAVSTAR?Atomique
100%
Les virages de procédures doivent être effectuésà un taux de 3° par seconde ou bien à une inclinaison de 25°, celui des deux nécessitant l’inclinaison la plus faible
100%
La formule de la correction de Givry (CA)CA=0,5 x dlong x sin Lm
100%
Les pistes « aux instruments » permettent d’effectuer des approches aux instruments. A cet effet elles sont pourvues :d’approches classiques et/ou d’approches de précision de Cat I, II ou III
100%
L'angle entre le nord magnétique et le nord compas s'appelle:déviation du compas
100%
Quel type d'informations de navigation peuvent être obtenues à partir d'un VORTAC par avion militaire?distance et direction par rapport à la balise
100%
Dans le système VDF, des antennes directives sont utiliséesJamais
100%
Une carte aéronautique est conforme lorsque:Les méridiens et les parallèles sont perpendiculaires les uns aux autres
100%
Le temps UTC estL’heure sur la longitude 0 degrés
100%
Quel (s) service (s) de navigation GNSS fournissent un guidage vertical?LNAV/VNAV et LPV
100%
Où sur une carte de Lambert un grand cercle sera-t-il une parfaite droite?Méridiens de longitude
100%
Qu'est-ce que la RNAV?Permet aux aéronefs de suivre la trajectoire de vol de leur choix plutôt que de se limiter aux voies aériennes
100%
Comparé à l'ILS, le MLS présente les avantages suivants:Plusieurs approches différentes d’une même piste peuvent être définies par 1 ensemble d’équipements au sol
100%
Le diamètre de la Terre, comparé à son axe, est environPlus long de 42 km
100%
Quelle est l’affirmation la plus correcte concernant la portée du système DME?Portée dans le champ de vision et 200Nm maximum.
100%
Parmi les propositions suivantes, laquelle donnera le calcul le plus précis de la vitesse sol de l'avion?Station DME sur la route
100%
Laquelle des affirmations suivantes concernant la rotation de la Terre autour du Soleil est correcte? La terre :Tourne autour du soleil en un an
100%
Quelle bande de fréquence est utilisée par les transmissions VOR?VHF
100%
Quels paramètres d’un système de navigation de surface (R-NAV) proviennent d’un système externe et non pas interne?VOR / DME radial / distance
100%
La distance entre le parallèle de latitude 10 ° N et le parallèle de latitude 11 ° N, mesurée le long du méridien, est égale à111 km
75%
Dans une procédure d’inversion avec virage conventionnel 45°/180°, le temps d’éloignement (depuis le début de virage) pour les avions des catégories C, D et E sera de1MIN15
75%
Dans une procédure d’inversion avec virage conventionnel 45°/180°, le temps d’éloignement (depuis le début de virage) pour les avions des catégories A et B sera de1MIN
67%
Sauf indication contraire, les procédures d'approche interrompue publiées sur les cartes IAC sont établies sur la base d'une pente minimale de montée égale à...2.5%
67%
En supposant un vent nul, quelle distance (en NM) parcourt un avion qui descend de 15 000 pieds avec une TAS de 320kt, et qui maintient un taux de descente de 3 000 FT/MIN?26.7
67%
La circonférence de la Terre est d'environ40 000 km
67%
la terre tourne en moyenne d’un arc de 15° en60 minutes
67%
Dans une procédure d'approche aux instruments, le segment qui commence au repère initial (IAF) et se termine au repère d'approche intermédiaire (IF) est le segmentd'approche initiale
67%
Un ILS de Cat III-C fournit des informations de guidage fiables jusqu'à:la surface de la piste
67%
Le grand cercle sur le globe terrestre est l’intersection de la terre avec un plan qui passe parLe centre de la Terre et est incliné par rapport à l’axe de la Terre dans n’importe quelle direction.
67%
Les informations de base fournies par l’ADF sontLe gisement de l'avion au NDB
67%
Dans la communication VDF, "QDR 235, classe C" signifieLe relèvement magnétique de la station à l’aéronef est de 235 10 °
67%
Pour mesurer les hauteurs et les altitudes dans l'aviation civile, les unités suivantes sont utilisées:Mètre et pied
67%
IAF est l’abréviation de :repère d’approche initiale
67%
Lorsque l'indicateur d'avertissement sur un indicateur VOR apparaît, il peut indiquerToutes les réponses sont correctes
60%
la terre tourne en moyenne d’un arc de 27 degrés en108 minutes.
50%
Cap vrai (TH) : 172°, Cap Compas (CH) :195°, Déviation: -2°. Calculer la variation?21° W
50%
Un avion vole le long de l’orthodromie entre 56 ° N 070 ° W et 62 ° N 110 ° E. La distance totale parcourue est de?3720 NM
50%
Les coordonnées de l’héliport de Issy les Moulineaux sont : 48°50’N 002°16,5’E Les coordonnées de l’antipode sont :48°50S 177°43,5W
50%
Etant donné que l'aplatissement de la terre est 1/297 et que le demi grand axe de la Terre, mesuré à partir de l'équateur, est égal à 6378,4 km. Quelle est la mesure (en km) du demi petit axe de la Terre sur l'axe des pôles ?6356.9
50%
Une vitesse de 120 km / h, exprimée en noeuds, est égale à65 kts
50%
Le graticule de la carte Mercator direct est basé sur une projection qui estCylindrique
50%
L’ILS de Cat Il permet des approches aux instruments jusqu’àDH 100 ft, RVR 350 m
50%
La formule approchées pour un calcul rapide de kilomètres en milles nautiques est:(km : 2) + 10%.
50%
La distance de 1 NM équivaut àLa distance d'une minute d'arc sur un méridien.
50%
Sur quel radiocompas pouvez-vous obtenir une lecture directe (aucun calcul n'est nécessaire de la part du pilote) du relèvement magnétique de l'avion vers NDB?MDI et RMI
50%
Un avion au FL 300, avec une vitesse sol de 300 kt, est sur le point de survoler une station DME à MSL. Le récepteur DME est capable de déterminer la vitesse sol. Une minute avant le survol du DME, les indications de vitesse et de distance sont respectivement:moins de 300 kt et 7 NM
50%
Quels points de la surface de la Terre déterminent son axe?Pôle géographique nord et sud.
50%
Les altitudes ou les hauteurs de franchissement d'obstacles (OCA ou OCH) sont déterminées :pour chaque catégorie d'aéronef
50%
On appelle "approche de précision " une approche directe aux instruments...utilisant des informations d'azimut, de site et de distance
50%
Quel équipement embarqué, doit être installé pour qu'une mesure VDF puisse être effectuée?VHF radio
50%
Quelle est la constante du cône pour une projection conique de Lambert dont les parallèles standard sont à 50 ° N et à 70 ° N?0.866
33%
Environ combien de kilomètres valent 70 NM?130 km
33%
Pour une approche de précision de catégorie I, la hauteur de décision ne peut être inférieure à200ft
33%
La navigation 3D RNAV donne?Guidage horizontal et vertical
33%
La portée de réception d’information VDF peut être influencée par:La hauteur de l'avion
33%
La latitude géographique est la distance d’un point à la surface de la Terre par rapport àL’Equateur, mesuré en degrés d'arc.
33%
La Terre peut être considérée comme un aimant avec le :pôle bleu négatif près du pôle nord de la Terre et direction de la force magnétique dirigée vers la surface de la Terre
33%
Qu'est-ce que la RNP?Capacité de navigation permettant aux aéronefs de suivre une trajectoire de vol avec une précision requise et de déterminer la position avec précision et intégrité
25%
L'équateur est le grand cercle qui:divise le globe terrestre en hémisphère nord et sud
25%
Quelles sont les principales entrées de paramètres de navigation utilisées par le système RNAV?INS, cartographie radar, base de données FMC
17%
Le pilote a inséré les points WPT1 et WPT2, distants de 480 NM, dans sa centrale de navigation à inertie (INS). En vol à mi-distance entre ces deux points les informations suivantes sont fournies par l'INS : DSRTK = 012° (route vraie prévue entre 1 et 2) HDG = 000° (cap vrai suivi) DA = 12R (dérive 12' droite) XTK = 12R (écart à la route prévue 12 NM à droite de celle-ci) Le TKE (erreur d'angle de route par rapport à la route prévue) est (en valeur absolue)
0%
Si la phase de référence diffère de 30 ° par rapport à la phase variable, le radial de la station VOR sera:030°
0%
Une île apparaît à 45 ° à droite de l’axe de l’aéronef. Quel est le relèvement vrai (TB) de l'aéronef depuis l'île si, au moment de l'observation, l'aéronef a un cap magnétique (MH) de 215 ° avec une variation magnétique (VAR) de 21 ° W?059°
0%
Un aéronef doit s’approcher d’une station VOR par le radial 244 °. Pour obtenir des indications dans le sens correct, l’OBS doit être réglé sur:064°/TO
0%
Lors d’une approche ILS, l’aiguille de trajectoire de descente est toute en bas. Combien de déviation cela indique-t-il?0.7°
0%
On a: TT = 085° , W/V 030°/100kt, TAS = 470 kt, Distance = 265 NM. Calculer le cap vrai (TH) le temps de vol (EET)?075°, 39 MIN
0%
On a : TAS = 200 kt, TT = 073°, W/V = 210/20kt. Calculer la TH et GS?077° - 214 kt
0%
On observe une île à 15 ° à gauche. Le cap de l'aéronef (MH) est 120 ° (M), variation : 17 °W. Le relèvement vrai (TB) de l'avion vers l'île est:088°
0%
On a Orthodromie de P à Q mesuré à P = 095 ° Hémisphère Sud Correction de Givry P - Q = 7 ° Quel est la route vraie loxodromique de P à Q?088°
0%
Le pilote a inséré deux points distants de 300 NM dans le calculateur de sa centrale de navigation à inertie INS non couplée au pilote automatique. En vol à mi-distance entre les deux points, il lit les informations suivantes : DSRTK = 190° (route prévue entre les deux points) HDG = 205° (cap vrai suivi) TKE = 5R (erreur en degrés d'angle de route par rapport a la route prévue, ici 5° à droite) XTK = 8R (écart latéral de 8 NM à droite de la route prévue) La valeur de la dérive DA est à cet instant :10° gauche
0%
On a: Direction de la piste 210°(M), Vent W/V: 230°(M)/30kt. Calculer la composante de vent traversier?10kt
0%
13h00 heure d'été en Europe centrale est égale à1100 UTC
0%
Sur une carte, 49 NM sont représentés par 7,0 cm. Quelle est l'échelle?1/1 296 400
0%
Quelle est l'heure locale moyenne (LMT au 65 ° 30’ N 123 ° 45’ W à 22:00 UTC le 6 septembre?13:45 le 6
0%
Un avion descend sur une pente de 6% tout en maintenant une GS de 300 kt. Le taux de descente (ROD) de l'aéronef est d'environ:1800 FT/MIN
0%
La distance de 1 NM est égal à1852 m
0%
Quelle est la bande de fréquences attribuée par l’OACI aux récepteurs ADF?190 - 1750 kHz
0%
Une carte a une échelle de 1: 1 000 000. Entre A et B sur la carte on mesure 3,8 cm, la distance de A à B en NM est:20.5
0%
Un VOR est situé à la position 58 ° 00’N 073 ° 00’W où la variation magnétique est égale à 32 ° W. Un avion se trouve à la position 56 ° 00’N 073 ° 00’W où la variation magnétique est égale à 28 ° W. L'avion est sur le radial VOR:212°
0%
Un vol part d’ Auckland (Nouvelle-Zélande) 36°50’S 174°46’E, à 06 h 00, heure légale (UTC + 12), le 23 janvier. La durée de vol est de 9 heures 27 minutes, l'heure légale (UTC-4) et la date d'arrivée à Santiago (Chili) 33°00’S 071°00’W sont:23h27 le 22 janvier
0%
On a: Direction de la piste 083°(M), Vent W/V : 035°(M)/35kt. Calculer la composante de vent de face ?24kt
0%
Un NDB se trouve sur le gisement 316 ° par rapport à un aéronef. On a: Cap compas (CH) : 270 ° à l'aéronef : déviation : 2 ° W, variation 30 ° E, À la station :Variation 28 ° E. Calculer le relèvement vrai du NDB à partir de l'avion254°
0%
Combien de gallons de carburant doivent se trouver à bord d’un avion pour une distance de 300 NM à la vitesse sol de 120 nœuds et une consommation moyenne de 7,3 gal / h? (Prévoyez une heure de réserve de carburant).25.6
0%
Quelle est la différence entre la latitude du point A et le point B, qui sont situés sur les parallèles de latitude suivants: A: 15 ° 54 '30 "N B: 10 ° 33 '30 "S26 ° 28 '00 ".
0%
Quel est le nombre minimum de satellites requis pour qu'un système de navigation par satellite (GNSS / GPS) puisse donner la position en deux dimensions?3
0%
L'entrée dans une procédure d'inversion avec virage de base doit se faire à partir d'une trajectoire faisant avec le parcours d'éloignement de la procédure d'inversion un angle inférieur ou égal à :30°
0%
L’antenne Glide Path est située sur le côté de la piste à environ300 m après le seuil de piste
0%
On a Position 'A' : N60° W020°, Position 'B' : N60° W021°, Position 'C' : N59° W020°. Quelles sont, respectivement, les distances de A à B et de A à C?30 NM et 60 NM
0%
Cap vrai (TH) 342°, variation 11° W, déviation : -5°, dérive: 10° Droite. Calculer le cap compas (CH) ?358°
0%
De combien de segments se compose une trajectoire d’approche interrompue3 : initial, intermédiaire, final
0%
Quelle distance (en NM) parcourt un avion en 2 minutes 1/2 avec une vitesse sol de 98 nœuds?4.08
0%
Un aéronef au FL 410 passe au-dessus d’une station DME au niveau moyen de la mer. Le DME indique approximativement:6.8NM
0%
Quelle est la valeur de l’inclinaison magnétique au pôle sud magnétique?90°
0%
25 US gallons égalent combien de litres?95 l
0%
Un avion au FL370 à 120 NM d’un VOR doit descendre au FL130 verticale ce VOR. Si la GS est de 288kt pour la descente, le taux de descente minimal requis est de:960 FT/MIN
0%
Si un avion fait le tour du parallèle 60 ° N à une vitesse sol de 480 kt. Pour faire le tour de la Terre le long de l'équateur dans le même temps, il doit voler à une vitesse sol de:960 kt
0%
Dans l'aire primaire d'un segment d'approche initiale, la marge de franchissement d'obstacle est d'au moins :984ft
0%
Dans le cadre d'une approche ILS (Instruments landing system : système d'atterrissage aux instruments), l’OCA (Obstacle clearance altitude : altitude de franchissement d'obstacle) s'exprime par rapport :au niveau moyen de la mer
0%
Que signifie ADF ?Automatic Direction Finder
0%
Le terre tourne:Autour de son axe dans la direction d'ouest en est
0%
Quelle est la séquence de couleurs lors du passage sur l’OM, le MM et l’IM?bleu - ambre - blanc
0%
Quelle est la plus haute latitude sur la Terre à laquelle le Soleil peut être verticalement vu au-dessus de la tête?c23°
0%
Sur quel type d'orbite nominale sont placés les satellites GPS NAVSTAR?Circulaire
0%
Lors d'une approche aux instruments où il n'existe pas d'aire secondaire de protection, la marge de franchissement des obstacles en approche initiale est :D'au moins 300 mètres
0%
Dans sa trajectoire écliptique autour du Soleil, l’axe de la Terre a une inclinaisonde 66 ° 33 avec le plan de l’écliptique.
0%
Considérez les affirmations suivantes sur la forme de la terre:Elle est légèrement aplatie aux pôles.
0%
Dans un système de navigation inertiel (INS), la vitesse sol (GS) est calculée:en intégrant l'accélération mesurée
0%
La droite carte sur la carte conforme de Lambert pour les besoins de la navigation:est approximativement un grand cercle
0%
Qu'est-ce que la RNAV 1?Exigences minimales de performance et de fonctionnement pour les opérations de navigation dans l'espace aérien (RNAV), et comprend les exigences en matière d'intégrité des données de navigation et les procédures de l'équipage de conduite nécessaires pour satisfaire à cette exigence.
0%
Quelle vitesse est en principe mesurée par le récepteur GPS?GS
0%
Dans une procédure ILS, le point d'approche finale (FAF) est le point de la trajectoire nominale où l'aéronef..intercepte l'alignement de descente (GP) à l'altitude minimale d'approche intermédiaire
0%
Une procédure d'approche aux instruments peut être constituée de combien de segments différents :jusqu'à 5
0%
Qu'est-ce que le WGS-84?La modélisation de la Terre en tant que sphère parfaite pour la navigation GPS
0%
La définition de la "durée du crépuscule civil" est :la période comprise entre le lever ou coucher du soleil et l'heure où le centre du soleil est à 6° sous l'horizon
0%
Quelle méthode de saisie des WPT est utilisée sur tous les équipements INS?Latitude et longitude
0%
La déviation du compas est causée par:Le Magnétisme de l'avion déformant le champ magnétique terrestre
0%
Le (s) grand (s) cercle (s) à la surface de la Terre est (sont):L'équateur, les méridiens et les orthodromies
0%
Une ligne tracée sur une carte qui relie tous les points de variation magnétique nulle est appelée:ligne agonique
0%
Les saisons sont dues à:L’inclinaison de l'axe polaire avec le plan écliptique
0%
Le méridien passant par Greenwich est connu comme?Méridien origine
0%
Quels cercles, donnant l’une des coordonnés géographiques, sont à la fois des Grands Cercles et des loxodromies?Méridiens et équateur.
0%
En aviation, les unités suivantes sont utilisées pour la distance horizontale:Mètres, kilomètres et milles nautiques
0%
Que signifie le nœud utilisé dans l'aviation?NM/h
0%
La déclinaison magnétique est l'angle entre:Nord vrai et nord magnétique
0%
La plus courte distance entre deux points sur la terre s'appelleOrthodromie - GC
0%
L'équipement RNAV :Permet aux avions de naviguer sur des routes directes entre WPT, avec une grande précision
0%
Lequel des cercles suivants sur le globe terrestre n'a pas le centre confondu avec le centre de la Terre?Petit cercle.
0%
La projection stéréographique polaire est:Plane
0%
Dans la communication VDF, la relèvement vrai d'un aéronef à partir d'une station sol est un:QTE
0%
Quel équipement d’Avionique est le composant essentiel de la capacité RNAV / RNPSBAS-FMS
0%
Sur quelle bande de fréquences le MLS fonctionne-t-il?SHF
0%
Sur le GPS, les informations de position primaire ont la forme de:Sphères, avec les satellites au centre des sphères
0%
Quel est le nom donné à un système de référence inertielle (IRS) qui intègre les gyromètres et les accéléromètres à la structure de l'aéronef?Strapdown
0%
Une déviation maximale de l'aiguille du LLZ indique que l'aéronef a approximativement:Un décalage de 2,5 ° par rapport à l’axe du localizer
0%
La terre peut être assimilé à :Une Ellipsoïde
0%
Après l'exécution d'une procédure d'approche aux instruments, le terme utilisé pour décrire la phase effectuée à vue et destinée à positionner l'aéronef pour l'atterrissage sur une piste qui n'est pas celle située dans le prolongement du segment final de la procédure, est :Une manoeuvre à vue
0%
La loxodromie est?Une trajectoire régulièrement incurvée à la surface de la Terre qui coupe tous les méridiens sous le même angle.
0%
Dans sa forme la plus simple, la RNAV consiste enUn récepteur VOR / DME avec un ordinateur de navigation associé
0%
Quel type de carte doit être sélectionné lors de l'initialisation GPS?WGS84
0%

Distribution des résultats

Percentile par nombre de réponses

% des personnes avec chaque résultat

Votre développement - résultats

Vous n’avez pas pris ce quiz depuis la dernière actualisation